Enterprise modeling and integration: principles and applications
Saved in:
| Hovedforfatter: | |
|---|---|
| Format: | Bog |
| Sprog: | engelsk |
| Udgivet: |
Londres
Chapman & Hall
1996
|
| Fag: | |
| Tags: |
Tilføj Tag
Ingen Tags, Vær først til at tagge denne postø!
|
MARC
| LEADER | 00000nam a2200000 a 4500 | ||
|---|---|---|---|
| 001 | UCL2381 | ||
| 003 | CL-VaPUC | ||
| 008 | 031017e19960000UK |||||||||||||||||eng|d | ||
| 020 | |a 0412605503 | ||
| 082 | 0 | 4 | |a 658.4033 |b VER |2 21 |
| 100 | 0 | |a Vernadat, F. B |e author |9 479483 | |
| 245 | 1 | 0 | |a Enterprise modeling and integration: principles and applications |
| 300 | |a 513 p | ||
| 942 | |c BK | ||
| 945 | |d 20031017 00:00:00 |a cmena | ||
| 260 | |a Londres |b Chapman & Hall |c 1996 | ||
| 650 | 0 | |a Toma de decisiones |9 257530 | |
| 650 | 0 | |a Modelos matemáticos |9 259437 | |
| 650 | 0 | |a Cambio organizacional |9 260741 | |
| 583 | |a last modification |c 20031017 00:00:00 |k Rodrigo Vera | ||
| 999 | |c 305720 |d 305718 | ||
| 952 | |0 0 |1 0 |4 0 |6 658_403300000000000_VER_1996 |7 0 |8 A |9 370005 |a BIBING |b BIBING |d 2019-11-21 |i 3911497 |o 658.4033 VER 1996 |p 3911497 |r 2025-01-20 |w 2019-11-21 |y BK |k EII | ||